Highest-Rated Fifa 2019 Players - Statistics

General Stats
  • This quiz has been taken 33 times
  • The average score is 28 of 39
Answer Stats
Rating Player Club Position % Correct
94 Lionel Messi Barcelona CF
100%
94 Cristiano Ronaldo Juventus ST
94%
89 Harry Kane Tottenham Hotspur ST
90%
89 Sergio Agüero Manchester City ST
90%
89 Antioine Griezmann Atlético De Madrid ST
87%
91 David De Gea Manchester United GK
87%
91 Kevin De Bruyne Manchester City CAM
87%
92 Neymar Paris Saint-Germain LW
87%
91 Sergio Ramos Real Madrid CB
87%
91 Luca Modrič Real Madrid CM
84%
90 Manuel Neuer Bayern Munich GK
84%
89 N'Golo Kanté Chelsea CDM
84%
90 Robert Lewandowski Bayern Munich ST
84%
90 Toni Kroos Real Madrid CM
84%
88 Hugo Lloris Tottenham Hotspur GK
81%
91 Luis Suarez Barcelona ST
81%
89 Marc-André Ter Stegen Barcelona GK
81%
90 Thibaut Courtois Real Madrid GK
81%
89 Giorgio Chiellini Juventus CB
77%
89 David Silva Manchester City CAM
74%
91 Eden Hazard Chelsea LW
74%
88 Mohamed Salah Liverpool RW
74%
89 Paulo Dybala Juventus CAM
74%
88 Sergio Busquets Barcelona CDM
74%
88 Casemiro Real Madrid CDM
71%
90 Jan Oblack Atlético De Madrid GK
71%
88 Marcelo Real Madrid LB
68%
90 Diego Godín Atlético De Madrid CB
65%
89 Edison Cavani Paris Saint-Germain ST
65%
88 Gareth Bale Real Madrid RW
65%
89 Mats Hummels Bayern Munich CB
61%
88 Paul Pogba Manchester United CM
61%
88 Coutinho Barcelona LW
55%
88 Samir Handanovič Inter Milan GK
55%
88 Gianluigi Buffon Paris Saint-Germain GK
52%
88 Christian Eriksen Tottenham Hotspur CAM
42%
89 Isco Real Madrid CAM
42%
88 James Rodríguez Bayern Munich CAM
39%
88 Gonzalo Higuaín AC Milan ST
26%
No matching quizzes found
Score Distribution
Percent of People with Each Score
Percentile by Number Answered
Your Score History
You have not taken this quiz